Set-valued analysis : an international journal devoted to the theory of multifunctions and its applications

Αποθηκεύτηκε σε:
Λεπτομέρειες βιβλιογραφικής εγγραφής
Μορφή: Περιοδική έκδοση
Γλώσσα:English
Δημοσίευση: Netherlands : Kluwer Academic Publishers, 1993-
Θέματα:
Ετικέτες: Προσθήκη ετικέτας
Δεν υπάρχουν, Καταχωρήστε ετικέτα πρώτοι!

MARC

LEADER 00000nas a2200000 i 4500
001 1/102586
008 000225c19939999 eng d
022 |a 09276947 
035 |l 10058142 
040 |a GR-MY-UA  |b gre  |e aacr 
041 0 |a eng 
082 0 |a 515.7305 
245 1 0 |a Set-valued analysis :  |h [περιοδικό]  |b an international journal devoted to the theory of multifunctions and its applications 
246 3 3 |a Set valued analysis 
260 |a Netherlands :   |b Kluwer Academic Publishers,   |c 1993- 
300 |a v.;  |c 25 cm. 
310 |a Quarterly 
650 0 0 |a Set-valued maps  |x Periodicals. 
650 0 0 |a Mathematical analysis  |x Periodicals. 
853 |a INST  |b SAMOS  |c SER 
922 |a 3ΕΛΗ  |b 199302  |c ΤΜΗΜΑ ΜΑΘΗΜΑΤΙΚΩΝ  |d SWETS